[Event "London Classic op 11th"]
[Site "London"]
[Date "2019.12.06"]
[Round "9"]
[White "Bates, Caspar J"]
[Black "Van Zyl Rudd, Jack"]
[Result "0-1"]
[WhiteElo "2120"]
[BlackElo "2290"]
[PlyCount "52"]
[EventDate "2019.11.29"]
[EventType "swiss"]
[EventRounds "9"]
[EventCountry "ENG"]
[SourceTitle "CBM 193 Extra"]
[Source "ChessBase"]
[SourceDate "2020.01.31"]
[SourceVersion "1"]
[SourceVersionDate "2020.01.31"]
[SourceQuality "1"]

1. d4 Nf6 2. c4 e6 3. Nf3 d5 4. e3 b6 5. cxd5 exd5 6. Bb5+ c6 7. Bd3 Bd6 8. Nc3 0-0 9. Bd2 Re8 10. Rc1 Ne4 11. a3 Bg4 12. Be2 Qf6 13. h3 Qh6 14. Nxe4 dxe4 15. Ng1 Bd7 16. b4 Qg6 17. Bf1 a5 18. Ne2 axb4 19. axb4 Na6 20. Nf4 Bxf4 21. exf4 e3 22. Bxe3 Nxb4 23. Qd2 Nd5 24. Kd1 Ra3 25. Bc4 Raxe3 26. Bxd5 Rd3 0-1

[Event "London Classic op 11th"]
[Site "London"]
[Date "2019.11.29"]
[Round "1"]
[White "Bates, Caspar J"]
[Black "Voiculescu Holvad, Stephane"]
[Result "1-0"]
[WhiteElo "2120"]
[BlackElo "1614"]
[PlyCount "65"]
[EventDate "2019.11.29"]
[EventType "swiss"]
[EventRounds "9"]
[EventCountry "ENG"]
[SourceTitle "CBM 193 Extra"]
[Source "ChessBase"]
[SourceDate "2020.01.31"]
[SourceVersion "1"]
[SourceVersionDate "2020.01.31"]
[SourceQuality "1"]

1. d4 Nf6 2. c4 d6 3. g3 g6 4. Nc3 Bg7 5. Bg2 Nbd7 6. Nf3 0-0 7. 0-0 e5 8. b3 Re8 9. Ba3 exd4 10. Nxd4 Nc5 11. Qc2 c6 12. Rad1 Qc7 13. b4 Ne6 14. Nb3 Rd8 15. Qc1 Nf8 16. b5 c5 17. Qf4 Qe7 18. Qf3 a5 19. Qd3 Be6 20. e4 Ng4 21. Nd5 Bxd5 22. cxd5 Ne5 23. Qe2 c4 24. Nd4 Nd3 25. Nc2 Qd7 26. Rb1 Re8 27. Ne3 Bd4 28. Nxc4 Nxf2 29. Rxf2 Bxf2+ 30. Qxf2 Qg4 31. Nxd6 Re7 32. Qf6 Qd7 33. Bb2 1-0

[Event "London Classic op 10th"]
[Site "London"]
[Date "2018.12.15"]
[Round "8"]
[White "Mueller, Jens"]
[Black "Bates, Caspar J"]
[Result "0-1"]
[WhiteElo "1961"]
[BlackElo "2113"]
[PlyCount "58"]
[EventDate "2018.12.09"]
[EventType "swiss"]
[EventRounds "9"]
[EventCountry "ENG"]
[SourceTitle "CBM 187 Extra"]
[Source "ChessBase"]
[SourceDate "2018.11.04"]
[SourceVersion "1"]
[SourceVersionDate "2018.11.04"]
[SourceQuality "1"]

1. d4 Nf6 2. Bf4 b6 3. e3 Bb7 4. Nd2 d6 5. h3 g6 6. Ngf3 Bg7 7. c3 0-0 8. Qc2 Nbd7 9. 0-0-0 c5 10. Bg5 Rc8 11. Kb1 a6 12. Nh2 b5 13. Ka1 Nd5 14. Ne4 cxd4 15. exd4 Qb6 16. Be3 b4 17. c4 b3 18. Qd2 Nb4 19. Nc3 Nc2+ 20. Kb1 Nxe3 21. fxe3 bxa2+ 22. Kxa2 e5 23. Nf3 Bxf3 24. gxf3 Rb8 25. Kb1 exd4 26. Nd5 dxe3 27. Nxb6 exd2 28. Nxd7 Rxb2+ 29. Ka1 Rd8 0-1

[Event "London Classic op 7th"]
[Site "London"]
[Date "2015.12.11"]
[Round "9"]
[White "Millward, Kevin P"]
[Black "Bates, Caspar J"]
[Result "0-1"]
[WhiteElo "1980"]
[BlackElo "2154"]
[PlyCount "98"]
[EventDate "2015.12.04"]
[EventType "swiss"]
[EventRounds "9"]
[EventCountry "ENG"]
[SourceTitle "CBM 169 Extra"]
[Source "ChessBase"]
[SourceDate "2015.12.18"]
[SourceVersion "1"]
[SourceVersionDate "2015.12.18"]
[SourceQuality "1"]

1. d4 Nf6 2. Bf4 e6 3. Nf3 b6 4. e3 Bb7 5. Bd3 d5 6. Nbd2 Nbd7 7. Ne5 Nxe5 8. Bxe5 Bd6 9. Nf3 0-0 10. 0-0 Ne4 11. Qe2 f6 12. Bxd6 cxd6 13. Ba6 Qc8 14. Bxb7 Qxb7 15. Nd2 Rac8 16. f3 Nxd2 17. Qxd2 Qa6 18. Qd3 Qxd3 19. cxd3 Rc2 20. Rf2 Rfc8 21. Raf1 Kf7 22. Rxc2 Rxc2 23. Rf2 Rc7 24. Rd2 a5 25. Kf2 Rc1 26. Ke2 Rh1 27. Rc2 Rb1 28. Kd2 Kg6 29. a4 h5 30. Ke2 h4 31. Kf2 Rd1 32. Ke2 Rh1 33. Kf2 h3 34. Rd2 Rxh2 35. Kg1 Rxg2+ 36. Rxg2+ hxg2 37. Kxg2 e5 38. dxe5 dxe5 39. Kg3 Kg5 40. Kh3 d4 41. exd4 exd4 42. Kg3 Kf5 43. f4 g5 44. Kf3 gxf4 45. b3 Kg5 46. Ke4 Kg4 47. Kxd4 f3 48. Ke3 Kg3 49. d4 f2 0-1

[Event "London Classic op 7th"]
[Site "London"]
[Date "2015.12.06"]
[Round "4"]
[White "Bates, Caspar J"]
[Black "Vuilleumier, Alexandre"]
[Result "0-1"]
[WhiteElo "2154"]
[BlackElo "2342"]
[PlyCount "60"]
[EventDate "2015.12.04"]
[EventType "swiss"]
[EventRounds "9"]
[EventCountry "ENG"]
[SourceTitle "CBM 169 Extra"]
[Source "ChessBase"]
[SourceDate "2015.12.18"]
[SourceVersion "1"]
[SourceVersionDate "2015.12.18"]
[SourceQuality "1"]

1. Nf3 Nf6 2. c4 e6 3. e3 c5 4. b3 Be7 5. Bb2 0-0 6. d4 cxd4 7. exd4 d5 8. Bd3 Nc6 9. Nbd2 b6 10. 0-0 Bb7 11. Re1 Rc8 12. Rc1 Re8 13. a3 dxc4 14. bxc4 Bf8 15. Bb1 g6 16. Ba2 Bg7 17. Qe2 Nh5 18. Qe3 Ne7 19. g4 Nf6 20. h3 a6 21. Ne5 Nc6 22. Ndf3 Nxe5 23. Nxe5 Nd7 24. c5 Bxe5 25. dxe5 Nxc5 26. Rcd1 Qh4 27. Rd6 h5 28. Rxb6 hxg4 29. Bd4 Bf3 30. Qf4 Nd3 0-1

[Event "London Classic op 6th"]
[Site "London"]
[Date "2014.12.13"]
[Round "7"]
[White "Bates, Caspar J"]
[Black "Kiik, Kalle"]
[Result "0-1"]
[WhiteElo "2185"]
[BlackElo "2372"]
[PlyCount "30"]
[EventDate "2014.12.08"]
[EventType "swiss"]
[EventRounds "9"]
[EventCountry "ENG"]
[SourceTitle "CBM 163 Extra"]
[Source "ChessBase"]
[SourceDate "2014.12.23"]
[SourceVersion "1"]
[SourceVersionDate "2014.12.23"]
[SourceQuality "1"]

1. Nf3 d5 2. b3 f6 3. d4 Bg4 4. Bb2 e6 5. Nbd2 Nh6 6. e3 c6 7. c4 Nd7 8. Be2 Bd6 9. e4 0-0 10. 0-0 Rc8 11. Ne1 f5 12. f3 fxe4 13. fxg4 Qg5 14. g3 Nf6 15. h3 Qe3+ 0-1

[Event "London Classic op 6th"]
[Site "London"]
[Date "2014.12.10"]
[Round "3"]
[White "Bates, Caspar J"]
[Black "Vakhidov, Jahongir"]
[Result "0-1"]
[WhiteElo "2185"]
[BlackElo "2502"]
[PlyCount "76"]
[EventDate "2014.12.08"]
[EventType "swiss"]
[EventRounds "9"]
[EventCountry "ENG"]
[SourceTitle "CBM 163 Extra"]
[Source "ChessBase"]
[SourceDate "2014.12.23"]
[SourceVersion "1"]
[SourceVersionDate "2014.12.23"]
[SourceQuality "1"]

1. d4 Nf6 2. c4 g6 3. Nf3 Bg7 4. Nc3 d5 5. Bf4 0-0 6. e3 c5 7. dxc5 Qa5 8. Nd2 dxc4 9. Bxc4 Qxc5 10. Qe2 Nh5 11. Bg3 Nxg3 12. hxg3 Bxc3 13. bxc3 Nd7 14. Rc1 Ne5 15. Bb3 Bf5 16. e4 Rad8 17. Kf1 Bd7 18. Rh4 a5 19. Kg1 Bg4 20. Rxg4 Nxg4 21. Qxg4 Rxd2 22. Qf4 Rd3 23. e5 e6 24. Bc4 Rd7 25. a4 Rfd8 26. Kh2 Rd1 27. Rc2 Re1 28. Rb2 Rxe5 29. g4 Qc7 30. Rxb7 Qxb7 31. Qxe5 Qb8 32. Qxb8 Rxb8 33. Bb5 Kf8 34. Kg3 Ke7 35. Kf4 Rxb5 36. axb5 a4 37. Ke5 a3 38. b6 Kd7 0-1

[Event "London Classic op 6th"]
[Site "London"]
[Date "2014.12.09"]
[Round "2"]
[White "Wandowicz, Kajetan"]
[Black "Bates, Caspar J"]
[Result "0-1"]
[WhiteElo "1741"]
[BlackElo "2185"]
[PlyCount "60"]
[EventDate "2014.12.08"]
[EventType "swiss"]
[EventRounds "9"]
[EventCountry "ENG"]
[SourceTitle "CBM 163 Extra"]
[Source "ChessBase"]
[SourceDate "2014.12.23"]
[SourceVersion "1"]
[SourceVersionDate "2014.12.23"]
[SourceQuality "1"]

1. e4 d5 2. Nc3 d4 3. Nce2 c5 4. Ng3 Nc6 5. Bb5 Qb6 6. a4 e6 7. Nf3 Nge7 8. Ne5 Qc7 9. Qh5 g6 10. Qg5 h6 11. Qf4 f5 12. Nxg6 Qxf4 13. Nxf4 e5 14. Nd3 a6 15. Bxc6+ Nxc6 16. Nxf5 Bxf5 17. exf5 c4 18. Nxe5 Nxe5 19. 0-0 Kf7 20. Rb1 Bg7 21. b3 c3 22. dxc3 dxc3 23. f4 Ng4 24. h3 Bd4+ 25. Kh1 Nf2+ 26. Kh2 Rae8 27. Ba3 Re2 28. Rbc1 Rg8 29. Rfe1 Rge8 30. Rf1 Be3 0-1

[Event "London Classic op 6th"]
[Site "London"]
[Date "2014.12.08"]
[Round "1"]
[White "Bates, Caspar J"]
[Black "Klingher, Dominic"]
[Result "1/2-1/2"]
[WhiteElo "2185"]
[BlackElo "1799"]
[PlyCount "38"]
[EventDate "2014.12.08"]
[EventType "swiss"]
[EventRounds "9"]
[EventCountry "ENG"]
[SourceTitle "CBM 163 Extra"]
[Source "ChessBase"]
[SourceDate "2014.12.23"]
[SourceVersion "1"]
[SourceVersionDate "2014.12.23"]
[SourceQuality "1"]

1. d4 d5 2. e3 Nf6 3. c4 e6 4. Nf3 Bb4+ 5. Nc3 0-0 6. a3 Bxc3+ 7. bxc3 b6 8. cxd5 exd5 9. Bd3 Bb7 10. 0-0 Nbd7 11. a4 Ne4 12. Ba3 Re8 13. Rc1 Ndf6 14. Ne5 a6 15. c4 Nd6 16. cxd5 Bxd5 17. Nc6 Qd7 18. Qc2 Bxg2 19. Kxg2 Qg4+ 1/2-1/2

[Event "London Classic rapid op 6th"]
[Site "London"]
[Date "2014.12.06"]
[Round "2"]
[White "Adams, Michael"]
[Black "Bates, Caspar J"]
[Result "1-0"]
[WhiteElo "2745"]
[BlackElo "2185"]
[PlyCount "93"]
[EventDate "2014.12.06"]
[EventType "swiss (rapid)"]
[EventRounds "10"]
[EventCountry "ENG"]
[SourceTitle "CBM 163 Extra"]
[Source "ChessBase"]
[SourceDate "2014.12.23"]
[SourceVersion "1"]
[SourceVersionDate "2014.12.23"]
[SourceQuality "1"]

1. c4 Nf6 2. g3 e5 3. Bg2 Bc5 4. Nc3 d6 5. Nf3 Nc6 6. 0-0 0-0 7. e3 a6 8. d4 Ba7 9. dxe5 dxe5 10. b3 Bf5 11. Ba3 Re8 12. Qxd8 Raxd8 13. Rfd1 Bc2 14. Rxd8 Rxd8 15. Rc1 Bd3 16. Rd1 e4 17. Ne1 Re8 18. Nxd3 exd3 19. Bxc6 bxc6 20. Rxd3 h6 21. h3 a5 22. Kg2 Kh7 23. Bb2 Bc5 24. Na4 Be7 25. Bc3 Bb4 26. Bxf6 gxf6 27. Rd7 Re7 28. Rxe7 Bxe7 29. Nb2 Kg6 30. Nd3 Kf5 31. Kf3 Bd6 32. e4+ Ke6 33. c5 Bf8 34. g4 Be7 35. a4 Kd7 36. Kf4 Ke6 37. Ke3 Bf8 38. Kd4 Bg7 39. Kc4 Kd7 40. b4 axb4 41. Nxb4 Bf8 42. a5 Kc8 43. Nxc6 Kb7 44. Kb5 Kc8 45. a6 Bg7 46. Nd8 Kb8 47. Nxf7 1-0

[Event "London Classic op 5th"]
[Site "London"]
[Date "2013.12.11"]
[Round "5"]
[White "Karavade, Eesha"]
[Black "Bates, Caspar J"]
[Result "1/2-1/2"]
[WhiteElo "2380"]
[BlackElo "2167"]
[PlyCount "91"]
[EventDate "2013.12.07"]
[EventType "swiss"]
[EventRounds "9"]
[EventCountry "ENG"]
[SourceTitle "CBM 157 Extra"]
[Source "ChessBase"]
[SourceDate "2013.12.19"]
[SourceVersion "1"]
[SourceVersionDate "2013.12.19"]
[SourceQuality "1"]

1. Nf3 Nf6 2. c4 e6 3. g3 b6 4. Bg2 Bb7 5. 0-0 c5 6. Nc3 Be7 7. Re1 0-0 8. e4 Nc6 9. e5 Ne8 10. d4 cxd4 11. Nxd4 Qc8 12. Bf4 Na5 13. b3 f6 14. exf6 Bxf6 15. Ne4 Nc6 16. Nxf6+ Rxf6 17. Nb5 Ne7 18. Be5 Rf7 19. f4 Bxg2 20. Kxg2 a6 21. Nd6 Nxd6 22. Qxd6 Qb7+ 23. Kg1 Nf5 24. Qd2 b5 25. Rac1 bxc4 26. Rxc4 Rd8 27. Rb4 Qa8 28. Qf2 d6 29. Bb2 e5 30. Qg2 Qa7+ 31. Qf2 Qa8 32. Qb6 Rc8 33. fxe5 Rc2 34. Qb8+ Rf8 35. Qxa8 Rxa8 36. Ba1 dxe5 37. Bxe5 Rxa2 38. Rb7 h5 39. Rf1 Rf8 40. Ra7 Re2 41. Ba1 Re6 42. Bc3 Rg6 43. Bb4 Rff6 44. Bc3 Rf8 45. Bb4 Rff6 46. Bc3 1/2-1/2

[Event "London Classic op 5th"]
[Site "London"]
[Date "2013.12.07"]
[Round "1"]
[White "Pattni, Kishan"]
[Black "Bates, Caspar J"]
[Result "0-1"]
[WhiteElo "1715"]
[BlackElo "2167"]
[PlyCount "78"]
[EventDate "2013.12.07"]
[EventType "swiss"]
[EventRounds "9"]
[EventCountry "ENG"]
[SourceTitle "CBM 157 Extra"]
[Source "ChessBase"]
[SourceDate "2013.12.19"]
[SourceVersion "1"]
[SourceVersionDate "2013.12.19"]
[SourceQuality "1"]

1. d4 Nf6 2. c4 e6 3. Nc3 Bb4 4. a3 Bxc3+ 5. bxc3 Qe7 6. f3 e5 7. e4 Nc6 8. Be3 b6 9. d5 Na5 10. c5 Nb7 11. cxb6 axb6 12. Qb3 0-0 13. Nh3 d6 14. Nf2 Nd7 15. g4 Ndc5 16. Qc2 Bd7 17. h4 Ra5 18. g5 Rfa8 19. Bc1 Ba4 20. Qb2 Nb3 21. Ra2 Nxc1 22. Qxc1 Nc5 23. Ng4 Bb3 24. Ra1 b5 25. Qb2 c6 26. Rg1 cxd5 27. Nf6+ Kh8 28. Nxd5 Bxd5 29. exd5 Qa7 30. Rg4 Na4 31. Qd2 Qc5 32. c4 Nb6 33. cxb5 Rxa3 34. Rd1 Ra2 35. Rc1 Ra1 36. Rxa1 Rxa1+ 37. Ke2 Nc4 38. Qd3 Ra2+ 39. Ke1 Qf2+ 0-1

[Event "Purley Big Slick IM 3rd"]
[Site "Purley"]
[Date "2013.06.28"]
[Round "7"]
[White "Bates, Caspar J"]
[Black "Merry, Alan B"]
[Result "0-1"]
[WhiteElo "2205"]
[BlackElo "2237"]
[PlyCount "94"]
[EventDate "2013.06.22"]
[EventType "tourn"]
[EventRounds "9"]
[EventCountry "ENG"]
[SourceTitle "CBM 155 Extra"]
[Source "ChessBase"]
[SourceDate "2013.08.26"]
[SourceVersion "1"]
[SourceVersionDate "2013.08.26"]
[SourceQuality "1"]

1. e4 e6 2. Nf3 d5 3. e5 c5 4. b3 Ne7 5. Bb2 b6 6. Bd3 Ba6 7. 0-0 Bxd3 8. cxd3 d4 9. b4 Nec6 10. bxc5 Bxc5 11. Ba3 Bxa3 12. Nxa3 0-0 13. Qe2 Na6 14. Rfc1 Nc5 15. Rc4 Qb8 16. Nc2 Rd8 17. Ncxd4 Nxd4 18. Nxd4 Qb7 19. Nb5 Nxd3 20. Nc3 Rac8 21. Re4 Rc5 22. Re3 Nf4 23. Qg4 Ng6 24. d4 Rc4 25. Rd1 Qc6 26. Ne2 Qa4 27. Ra1 Rc2 28. a3 Ra2 29. Rc1 Rxa3 30. Qg5 Re8 31. h3 Ra1 32. Rec3 Rxc1+ 33. Qxc1 Qa6 34. Qc2 Ne7 35. Qb2 Rc8 36. Ra3 Qb7 37. Nc3 Nf5 38. Nb5 Qe4 39. Rxa7 Nh4 40. f3 Qe3+ 41. Qf2 Qc1+ 42. Kh2 Qf4+ 43. Qg3 g5 44. Qxf4 gxf4 45. Ra2 Nf5 46. Kg1 Rc1+ 47. Kf2 Ng3 0-1

[Event "Purley Big Slick IM 3rd"]
[Site "Purley"]
[Date "2013.06.22"]
[Round "1"]
[White "Bates, Caspar J"]
[Black "Rudd, Jack"]
[Result "0-1"]
[WhiteElo "2205"]
[BlackElo "2280"]
[PlyCount "132"]
[EventDate "2013.06.22"]
[EventType "tourn"]
[EventRounds "9"]
[EventCountry "ENG"]
[SourceTitle "CBM 155 Extra"]
[Source "ChessBase"]
[SourceDate "2013.08.26"]
[SourceVersion "1"]
[SourceVersionDate "2013.08.26"]
[SourceQuality "1"]

1. e4 e5 2. Nf3 Nc6 3. Bb5 a6 4. Ba4 Nf6 5. d3 Bc5 6. 0-0 d6 7. Be3 b5 8. Bb3 Bg4 9. h3 Bh5 10. Nbd2 0-0 11. g4 Bxe3 12. fxe3 Bg6 13. Qe2 Na5 14. Qf2 Nxb3 15. axb3 c5 16. Nh4 d5 17. Nxg6 hxg6 18. Qg2 d4 19. Nf3 Nd7 20. Ra2 Qb6 21. Qf2 f5 22. exf5 gxf5 23. gxf5 Rxf5 24. e4 Rf4 25. Qg2 Raf8 26. Raa1 c4 27. b4 cxd3 28. cxd3 Qd6 29. Nh2 Rxf1+ 30. Nxf1 Qxb4 31. Rxa6 Qe1 32. Ra7 Rf7 33. Rb7 b4 34. Rb5 Nf8 35. Rxe5 Ng6 36. Rf5 Nh4 37. Qf2 Qxf2+ 38. Rxf2 Nf3+ 39. Kh1 Ne5 40. Rxf7 Kxf7 41. Nd2 Nxd3 42. Nf3 Nxb2 43. Nxd4 Nd3 44. Kg2 Nc5 45. Kf3 b3 46. Nb5 b2 47. Nc3 Ke6 48. Kf4 g5+ 49. Ke3 Ke5 50. Nb1 Nxe4 51. Na3 Kf5 52. Nb1 Nd6 53. Kd3 Kf4 54. Kc3 Kg3 55. Kxb2 Kxh3 56. Kc2 g4 57. Nc3 Kg2 58. Kd3 Kf2 59. Ne2 Nf7 60. Nf4 Ng5 61. Nh5 Kf3 62. Kd2 Ne6 63. Ke1 Nd4 64. Kf1 Nf5 65. Kg1 Ng3 66. Nf6 Ne2+ 0-1

[Event "London Classic op 4th"]
[Site "London"]
[Date "2012.12.02"]
[Round "2"]
[White "Pert, Richard G"]
[Black "Bates, Caspar J"]
[Result "1/2-1/2"]
[WhiteElo "2454"]
[BlackElo "2200"]
[PlyCount "98"]
[EventDate "2012.12.01"]
[EventType "swiss"]
[EventRounds "9"]
[EventCountry "ENG"]
[SourceTitle "CBM 151 Extra"]
[Source "ChessBase"]
[SourceDate "2012.12.18"]
[SourceVersion "1"]
[SourceVersionDate "2012.12.18"]
[SourceQuality "1"]

1. d4 Nf6 2. c4 e6 3. Nc3 Bb4 4. a3 Bxc3+ 5. bxc3 d6 6. f3 Qe7 7. e4 e5 8. Bd3 0-0 9. Ne2 c5 10. 0-0 Nc6 11. d5 Na5 12. Bg5 h6 13. Bh4 g5 14. Bf2 Nh5 15. Kh1 b6 16. Ng3 Nxg3+ 17. hxg3 f5 18. exf5 Bxf5 19. Bxf5 Rxf5 20. Qd3 Qh7 21. Rae1 g4 22. Re4 gxf3 23. gxf3 Raf8 24. Be1 h5 25. Kg2 Qg6 26. Rh4 R5f6 27. Qxg6+ Rxg6 28. Rfh1 Rf5 29. a4 Kf7 30. Rxh5 Rxh5 31. Rxh5 Nxc4 32. Kf2 Nb2 33. Ke2 Nxa4 34. Rh8 Rg8 35. Rh6 Rg6 36. Rh8 Nb2 37. Ra8 Rg7 38. Rxa7+ Kf6 39. Ra1 Rb7 40. Rb1 Nc4 41. Kd3 b5 42. Bd2 e4+ 43. fxe4 Nxd2 44. Kxd2 Ke5 45. Ke3 Rg7 46. Kf3 Rf7+ 47. Ke3 Rg7 48. Kf3 Rf7+ 49. Ke3 Rg7 1/2-1/2

[Event "Corsica Masters op 13th"]
[Site "Bastia"]
[Date "2009.10.28"]
[Round "6"]
[White "Bates, Caspar J"]
[Black "Dimitrov, Radoslav"]
[Result "0-1"]
[WhiteElo "2190"]
[BlackElo "2365"]
[PlyCount "68"]
[EventDate "2009.10.25"]
[EventType "swiss"]
[EventRounds "9"]
[EventCountry "FRA"]
[SourceTitle "EXT 2010"]
[Source "ChessBase"]
[SourceDate "2010.11.25"]
[SourceVersion "1"]
[SourceVersionDate "2010.11.25"]
[SourceQuality "1"]

1. e4 c5 2. c4 Nc6 3. Nc3 g6 4. g3 Bg7 5. Bg2 e6 6. a3 Nge7 7. Nge2 d6 8. d3 0-0 9. Rb1 b6 10. 0-0 Bb7 11. b4 h6 12. Qb3 Qd7 13. Bb2 Nd4 14. Nxd4 cxd4 15. Ne2 e5 16. f4 Kh7 17. Rbc1 f5 18. c5 fxe4 19. dxe4 dxc5 20. bxc5 Ba6 21. Rf2 bxc5 22. Rxc5 Rab8 23. Qa2 Bxe2 24. Rxe2 exf4 25. Rd2 fxg3 26. Qa1 Rf2 27. Rcc2 d3 28. Kh1 dxc2 29. Rxd7 Rxb2 30. Rd1 Rxg2 31. hxg3 cxd1Q+ 32. Qxd1 Rh2+ 33. Kg1 Rbg2+ 34. Kf1 Rh1+ 0-1

[Event "Gibraltar Challengers"]
[Site "Gibraltar"]
[Date "2009.02.03"]
[Round "3"]
[White "Bates, Caspar J"]
[Black "Dasaolu, Adeoye"]
[Result "1/2-1/2"]
[WhiteElo "2142"]
[BlackElo "2024"]
[PlyCount "101"]
[EventDate "2009.02.01"]
[EventType "swiss"]
[EventRounds "5"]
[EventCountry "ENG"]
[SourceTitle "CBM 128 Extra"]
[Source "ChessBase"]
[SourceDate "2009.03.05"]
[SourceVersion "2"]
[SourceVersionDate "2009.03.25"]
[SourceQuality "1"]

1. d4 Nf6 2. c4 e6 3. Nf3 b6 4. a3 Bb7 5. Nc3 d5 6. cxd5 Nxd5 7. Qc2 Be7 8. e4 Nxc3 9. bxc3 0-0 10. Bd3 Nd7 11. e5 h6 12. Qe2 c5 13. Bb2 Qc7 14. Rc1 Rac8 15. 0-0 c4 16. Bb1 Rfd8 17. Qc2 Nf8 18. Nd2 Qc6 19. Ne4 Qxe4 20. Qxe4 Bxe4 21. Bxe4 b5 22. f4 Nd7 23. f5 Nb6 24. fxe6 fxe6 25. Rc2 Nd5 26. Rcf2 Ne3 27. Re1 Nd5 28. Bg6 Rf8 29. Ref1 Rxf2 30. Rxf2 Rf8 31. Be4 Rxf2 32. Kxf2 Kf7 33. g3 Bd8 34. Bxd5 exd5 35. Bc1 h5 36. Kf3 Ke6 37. h3 g6 38. Kf4 Be7 39. Bb2 a6 40. Bc1 a5 41. Bb2 g5+ 42. Kf3 b4 43. axb4 axb4 44. g4 h4 45. Ke2 b3 46. Ke3 Kd7 47. Kd2 Kc6 48. Kc1 Kb5 49. Kd2 Ka4 50. Kc1 Bf8 51. Kb1 1/2-1/2

[Event "Gibraltar Masters 7th"]
[Site "Gibraltar"]
[Date "2009.02.01"]
[Round "6"]
[White "Bates, Caspar J"]
[Black "Miedema, David"]
[Result "0-1"]
[WhiteElo "2142"]
[BlackElo "2325"]
[PlyCount "98"]
[EventDate "2009.01.27"]
[EventType "swiss"]
[EventRounds "10"]
[EventCountry "ENG"]
[SourceTitle "CBM 128 Extra"]
[Source "ChessBase"]
[SourceDate "2009.03.05"]
[SourceVersion "2"]
[SourceVersionDate "2009.03.25"]
[SourceQuality "1"]

1. e4 e6 2. d4 d5 3. Nc3 Bb4 4. e5 Ne7 5. a3 Bxc3+ 6. bxc3 c5 7. Qg4 0-0 8. Bd3 Nbc6 9. Nf3 f5 10. exf6 Rxf6 11. Qh4 h6 12. 0-0 c4 13. Be2 Bd7 14. Ne5 Be8 15. f4 Nxe5 16. fxe5 Rxf1+ 17. Kxf1 Bg6 18. a4 Bxc2 19. Ba3 Ng6 20. Qg3 Kh7 21. Bg4 Qb6 22. a5 Qxa5 23. Kg1 Bd3 24. Qe1 Qb6 25. Bc5 Qb2 26. Qc1 Qxc1+ 27. Rxc1 b6 28. Bd6 Nf4 29. g3 h5 30. Bd1 Ne2+ 31. Bxe2 Bxe2 32. Ra1 a5 33. Bc7 Ra6 34. Rb1 a4 35. Bxb6 a3 36. Bc5 Bd3 37. Ra1 a2 38. Kf2 Bb1 39. Ke3 Kg6 40. Kf4 Rc6 41. Bd6 Rb6 42. Bb4 Rxb4 43. cxb4 c3 44. Ke3 Kf7 45. Ke2 Ke7 46. Kd1 Kd7 47. Kc1 Kc6 48. Rxb1 axb1B 49. Kxb1 Kb5 0-1